| 000 | 02140nam0a2200361 4500 | ||
|---|---|---|---|
| 001 | RU\NLR\BIBL_A\022040540 | ||
| 005 | 20231127092115.0 | ||
| 010 |
_a978-5-04-178116-3 _93000 |
||
| 021 |
_aRU _bКН-П-23-054864 _9КН-П-23-5511 |
||
| 035 | _a(NLR Aleph) 022040540 | ||
| 035 | _a(RuMoRGB)012061136 | ||
| 090 |
_a12568051 _c12568051 |
||
| 100 | _a20231003d2023 e y0rusy50 ca | ||
| 101 | 1 |
_arus _ceng |
|
| 102 | _aRU | ||
| 105 | _aa z 000zy | ||
| 181 | 0 |
_ai _baxxe |
|
| 182 | 0 | _an | |
| 200 | 1 |
_aНеизбранная _e[для старшего школьного возраста] _fАриана Джолин _g[перевод с английского И. К. Уразаевой] _gхудожник: Вельга Северная |
|
| 203 |
_aТекст _bвизуальный _cнепосредственный |
||
| 210 |
_aМосква _cЭксмо _d2023 |
||
| 215 |
_a348, [1] с. _cил. _d22 |
||
| 330 | _aЖизнь в Солии трудна и опасна. В густых лесах обитают монстры, на деревни без конца нападают разбойники. Кто же станет героем, который защитит страну? Кто станет новым Солнцем? Леда мечтала об этом с самого детства. Но куда ей, невидимке, в неё никто никогда не верил. Поэтому, когда пришло время, Солнцем нарекли Кору, девушку с синей прядью в волосах, владеющую магией воды. Но с Корой что-то не так... И Леда получает шанс занять её место | ||
| 333 | _a12+ | ||
| 686 | 0 | _aШ9(7США)62-4 | |
| 700 | 1 |
_7ca _8rus _aДжолин _bА. _gАриана _9262135 _3RU\NLR\AUTH\770262191 |
|
| 702 | 1 |
_4040 _7ca _8rus _aСеверная _bВ. _gВельга _9261092 _3RU\NLR\AUTH\770261148 |
|
| 942 | _cBOOK | ||
| 980 | _aNB | ||